书目信息 |
| 题名: |
女人离不开的一碗汤
|
|
| 作者: | 刘建平 主编 | |
| 分册: | ||
| 出版信息: | 北京 电子工业出版社 2017 |
|
| 页数: | 208页 | |
| 开本: | 24cm | |
| 丛书名: | ||
| 单 册: | ||
| 中图分类: | TS972.122.2 | |
| 科图分类: | ||
| 主题词: | 保健--bao jian--汤菜--菜谱 | |
| 电子资源: | ||
| ISBN: | 978-7-121-32484-0 | |
| 000 | 00899nam0 2200265 450 | |
| 001 | BPC170550751 | |
| 005 | 20171227153325.47 | |
| 010 | @a978-7-121-32484-0@b@dCNY49.80 | |
| 100 | @a20171115d2017 em y0chiy50 ea | |
| 101 | 0 | @achi |
| 102 | @aCN@b110000 | |
| 105 | @aa z 000yy | |
| 106 | @ar | |
| 200 | 1 | @a女人离不开的一碗汤@Anv ren li bu kai de yi wan tang@f主编刘建平@g |
| 210 | @a北京@c电子工业出版社@d2017 | |
| 215 | @a208页@c彩图@d24cm | |
| 312 | @a英文并列题名取自封面 | |
| 330 | @a本书以专业的视角,根据女性独特的生理特点,呈现了近200道美味汤羹,通过美味的汤羹粥汁调理女性朋友的生理机能,让女性朋友生活得更加健康、愉悦。 | |
| 510 | 1 | @aWomen's health book of soups@zeng |
| 606 | 0 | @a保健@Abao jian@x汤菜@x菜谱 |
| 690 | @aTS972.122.2@v5 | |
| 701 | 0 | @a刘建平@Aliu jian ping@4主编 |
| 801 | 0 | @aCN@bMUSE@c20181206@g |
| 905 | @aBZT@dTS972.122.2@e1 | |
| 906 | @dCNY49.80@n3@r1 | |
| 女人离不开的一碗汤/主编刘建平.-北京:电子工业出版社,2017 |
| 208页:彩图;24cm |
| ISBN 978-7-121-32484-0:CNY49.80 |
| 本书以专业的视角,根据女性独特的生理特点,呈现了近200道美味汤羹,通过美味的汤羹粥汁调理女性朋友的生理机能,让女性朋友生活得更加健康、愉悦。 |
| ● |
| 相关链接 |
|
|
|
正题名:女人离不开的一碗汤
索取号:TS972.122.2/1
 
预约/预借
| 序号 | 登录号 | 条形码 | 馆藏地/架位号 | 状态 | 备注 |
| 1 | 855262 | 2000855262 | 第二书库/ [索取号:TS972.122.2/1] | 在馆 | |
| 2 | 855263 | 2000855263 | 第二书库/ [索取号:TS972.122.2/1] | 在馆 | |
| 3 | 855264 | 2000855264 | 第二书库/ [索取号:TS972.122.2/1] | 在馆 |